00585 2200205 4500001002100000005001500021035002000036008003900056245011400095100001600209250001700225260003100242300002300273020002200296084001400318082000800332650002100340990000900361990000900370INLIS00000000000279120250911080938 a0010-0925000023250911 | | | 1 aBupena Merdeka Ilmu Pengetahuan Sosial untuk SMP/MTs Kelas VII :bBerdasarkan Kurikulum Merdeka /cN. Suparno aSuparno, N. aCetakan 2022 aJakarta :bErlangga,c2022 a142 hlm. ;c26 cm. a978-623-266-835-5 a300 SUP b a300 4aLatihan Soal IPS a7178 a7179